00367nam a22001097a 450000500170000000800410001704000130005808200200007124501120009126000430020330000110024620220113154226.0170727b xxu||||| |||| 00| 0 eng d cPK-LaUMT a346.00264bUNC- aUnclassified cases [2016, Vol. XXXVII] /cedited by M. Farani of Lincloln's Inn. and Nadeem Zafar Chaudhary aLahore :bNatioanl Law Reporter,c2016 a792 p.